Bhāshā aura saṃvedanā. (Record no. 61175)

MARC details
000 -LEADER
fixed length control field 00525cam a22002171 4500
001 - CONTROL NUMBER
control field sa 64009000
003 - CONTROL NUMBER IDENTIFIER
control field DLC
005 - DATE AND TIME OF LATEST TRANSACTION
control field 20260227112058.0
008 - FIXED-LENGTH DATA ELEMENTS--GENERAL INFORMATION
fixed length control field 890503s1964 ii 000 0 hino
010 ## - LIBRARY OF CONGRESS CONTROL NUMBER
LC control number sa 64009000
035 ## - SYSTEM CONTROL NUMBER
System control number (OCoLC)19650031
040 ## - CATALOGING SOURCE
Original cataloging agency DLC
Transcribing agency WaU
Modifying agency DLC
042 ## - AUTHENTICATION CODE
Authentication code premarc
050 00 - LIBRARY OF CONGRESS CALL NUMBER
Classification number PK1931
Item number .C53
100 1# - MAIN ENTRY--PERSONAL NAME
Personal name Chaturvedi, Ramswarup,
Dates associated with a name 1931-
245 10 - TITLE STATEMENT
Title Bhāshā aura saṃvedanā.
260 ## - PUBLICATION, DISTRIBUTION, ETC.
Date of publication, distribution, etc. [1964]
300 ## - PHYSICAL DESCRIPTION
Extent 117 p.
Dimensions 19 cm.
500 ## - GENERAL NOTE
General note In Hindi.
650 #0 - SUBJECT ADDED ENTRY--TOPICAL TERM
Topical term or geographic name entry element Hindi philology.

No items available.

Powered by Koha